[Event "Lost Boys op"]
[Site "Amsterdam"]
[Date "2000.08.15"]
[Round "5"]
[White "David, Alberto"]
[Black "Gurevich, Mikhail"]
[Result "0-1"]
[WhiteElo "2487"]
[BlackElo "2667"]
[Annotator "Gurevich,M"]
[PlyCount "83"]
[EventDate "2000.08.05"]
[EventType "swiss"]
[EventRounds "9"]
[EventCountry "NED"]
[SourceTitle "CBM 077 Extra"]
[Source "ChessBase"]
[SourceDate "2000.09.14"]
[SourceVersion "1"]
[SourceVersionDate "2000.09.14"]
[SourceQuality "1"]

1. e4 e6 2. d4 d5 3. Nc3 Nf6 4. Bg5 dxe4 5. Nxe4 Be7 6. Bxf6 Bxf6 7. Nf3 Nd7 8.
Qd2 O-O 9. O-O-O b6 10. Bc4 Bb7 11. Rhe1 Bd5 12. Bd3 c5 13. c4 Bb7 14. dxc5 Qe7
$5 {TN} (14... bxc5 15. Nxf6+ Qxf6 16. Qc2 g6 17. Be4 Bxe4 18. Qxe4 Rad8 19.
Rd2 Nb6 20. Red1 $14 {Short,N-Huebner,R Novi Sad olm. 1990 1-0 (77)}) 15. Nxf6+
Nxf6 16. cxb6 axb6 17. Kb1 Ra5 $5 {[/\18...Rfa8 <=>>>; /\ 18...Bxf3]} (17...
Bxf3 $5 18. gxf3 Ra5 19. Be4 $14 {(/\20.Qd6)}) 18. Ne5 Bxg2 19. f3 Qc7 $8 20.
Qc3 (20. Qxg2 $5 Rxe5 21. Qg3 Nd7 $5 $13 (21... Rxe1 22. Qxc7 Rxd1+ 23. Kc2 $16
) (21... Rc5 22. Qxc7 Rxc7 23. Re5 $14) 22. Rg1 g6 23. Bxg6 $6 hxg6 24. Rxd7
Qxd7 25. Qxe5 Qd3+ 26. Ka1 Qxc4 $15) 20... Bh3 21. Qd4 Rfa8 22. a3 h6 $5 (22...
Bf5 23. Bxf5 exf5 24. Qd6 Qxd6 25. Rxd6 Re8 (25... Ne4 26. Rd5 $14) 26. Nd3 $14
) 23. Re2 Bf5 24. Bxf5 exf5 25. Qf4 $5 (25. Qd6 Qxd6 26. Rxd6 Re8 27. f4 Nh5
$13) 25... b5 $1 26. Rg1 (26. cxb5 Rxb5 27. Qxf5 Qc5 $5 $36 (27... Rxa3 28. Rc2
$16)) 26... bxc4 $1 27. Qxc4 $138 (27. Qxh6 Ng4 $1 28. Qc6 Qa7 $17) 27... Qb7
28. Nc6 Rxa3 29. Re7 Qb3 30. Rxg7+ $6 (30. Qxb3 Rxb3 31. Nd4 Rb6 32. Nxf5 Nh5
$11) 30... Kxg7 31. Rxf7+ Kg6 $6 (31... Kh8 32. Qxb3 Rxb3 33. Rxf6 Rxf3 $17 (
33... Ra6 $5 $17)) 32. Ne5+ Kg5 33. f4+ Kh4 34. Qxb3 Rxb3 35. Rxf6 Kh3 (35...
h5 36. Rxf5 Rg8 37. Ka2 Re3 $15) 36. Rxh6+ Kg2 37. Rh5 Rab8 38. Rg5+ Kf2 39.
Rxf5 Rxb2+ $11 40. Kc1 Ra2 41. Rf7 Rg8 42. Rd7 $4 (42. Rd7 Rg1+ 43. Rd1 Ra1+)
0-1

[Event "Gibraltar Masters"]
[Site "Gibraltar"]
[Date "2007.01.26"]
[Round "4"]
[White "Al Modiahki, Mohamad"]
[Black "Gurevich, Mikhail"]
[Result "0-1"]
[WhiteElo "2556"]
[BlackElo "2635"]
[Annotator "Gurevich,M"]
[PlyCount "84"]
[EventDate "2007.01.23"]
[EventType "swiss"]
[EventRounds "9"]
[EventCountry "ENG"]
[SourceTitle "CBM 116 Extra"]
[Source "ChessBase"]
[SourceDate "2007.03.07"]
[SourceVersion "1"]
[SourceVersionDate "2007.03.07"]
[SourceQuality "1"]

1. e4 e6 2. d4 d5 3. Nc3 Nf6 4. Bg5 dxe4 5. Nxe4 Be7 6. Bxf6 Bxf6 7. Nf3 Nd7 8.
Bc4 a6 9. Qe2 b5 10. Bb3 O-O 11. O-O-O Bb7 12. Rhe1 (12. d5 exd5 13. Bxd5 c6
14. Bb3 Qc7 15. Rhe1 c5 16. Bd5 Bxd5 17. Rxd5 Be7 18. Kb1 Rae8 19. Rd3 Bd8 $132
{0-1 Zelcic,R-Bareev,E/Gothenburg 2005/CBM 109 (49)}) 12... Bxe4 $5 (12... Bd5
13. Kb1 (13. Bxd5 $5 exd5 14. Nxf6+ Nxf6 15. Ne5 $14) 13... c6 14. c4 $6 bxc4
15. Bxc4 Nb6 16. Bd3 Na4 17. Qc2 Qa5 18. Bc4 Rab8 19. Bb3 Rb4 $40 {0-1 Gomez
Anadon,D-Trigo Conde,I/Spain 2004/EXT 2006 (40)}) 13. Qxe4 c5 $1 14. c3 (14.
dxc5 Qc7 15. c6 Nc5 $132) (14. d5 c4 15. dxe6 fxe6 16. Bxc4 (16. Qxe6+ Rf7 17.
Bxc4 bxc4 18. Qxc4 Qc8 $15) 16... bxc4 17. Qxc4 Rb8 $36) 14... cxd4 15. Bc2 (
15. Nxd4 Nc5 16. Qe3 Qc7 $132) 15... g6 16. Nxd4 Re8 $5 (16... Qc7 17. Nxe6 $1
fxe6 18. Qxe6+ Rf7 19. Bb3 Nc5 20. Qxf7+ Qxf7 21. Bxf7+ Kxf7 22. Kc2 $14) 17.
Kb1 Qc7 18. h4 (18. Qc6 Ra7 19. a4 Rb8 $11) 18... Bg7 {[/\19...Nf6]} 19. g4 (
19. Qc6 $142) 19... Rac8 20. h5 Nc5 21. Qe3 Rb8 $5 {[/\22...b4<=><<]} 22. hxg6
hxg6 23. f4 b4 $132 24. c4 e5 $5 25. Nf3 (25. Nb3 $5 Na4 26. f5 e4 (26... gxf5
27. gxf5 $40) 27. Nd4 (27. fxg6 Nxb2) 27... Nc5 28. Rf1 Qe5 $132) 25... exf4 $1
26. Qxe8+ Rxe8 27. Rxe8+ Bf8 28. Ng5 $5 {(/\29.Rdd8)} (28. Rdd8 Ne6 29. Rc8 Qb7
$17) 28... Nd7 (28... Kg7 $5 29. Rdd8 f3 $1 30. Nxf3 (30. Rxf8 f2 31. Rg8+ Kh6)
30... Ne6 31. Rd3 Qc6 $1 32. Rb8 Bd6 $17) 29. Ne4 $6 $138 {[/\30.Rxd7]} (29.
Be4 $5 {(/\30.Bd5<=>)} Kg7 30. Bd5 Nf6 31. Bxf7 Qa5 $1 32. Ne6+ Kxf7 33. Rxf8+
Ke7 (33... Kxe6 34. Re1+ $11) 34. g5 $1 (34. Rxf6 Kxf6 35. Nxf4 Qe5 $15) 34...
Nd7 35. Rd8 Kxe6 36. R8xd7 $11) 29... Kg7 30. g5 Qc6 $1 31. Rd8 (31. b3 Nc5 32.
Re5 Ne6 $15) 31... Nc5 32. Nf6 Qg2 $1 {[xg5]} 33. Ne8+ Kh8 34. Nf6 (34. Nc7 Kg8
35. Re1 f3 $1 36. Ree8 Nd7 37. Rxd7 f2 38. Bd3 Qg4 $1 $19) 34... Qxg5 $6 $138 (
34... Ne6 $17) 35. Rxf8+ Kg7 36. Nh7 $2 (36. Rd6 $1 Qg1+ 37. Rd1 Qf2 (37... Qg2
38. Rc8 $16) 38. Ng4 Qe2 39. Rc8 Ne6 40. Rg1 $13) 36... Qe7 $1 $17 37. Rb8 f3
38. Rbd8 Kxh7 39. R8d2 Qe3 $19 40. Rh2+ Kg7 41. Rf1 g5 42. Rh3 Ne4 0-1

[Event "FRA-chT"]
[Site "France"]
[Date "1999.??.??"]
[Round "6"]
[White "Magem Badals, Jordi"]
[Black "Gurevich, Mikhail"]
[Result "1/2-1/2"]
[WhiteElo "2557"]
[BlackElo "2629"]
[Annotator "Gurevich,M"]
[PlyCount "82"]
[EventDate "1999.02.??"]
[EventType "team"]
[EventRounds "11"]
[EventCountry "FRA"]
[SourceTitle "CBM 070"]
[Source "ChessBase"]
[SourceDate "1999.06.08"]
[SourceVersion "1"]
[SourceVersionDate "1999.06.08"]
[SourceQuality "1"]

1. e4 e6 2. d4 d5 3. Nc3 Nf6 4. Bg5 dxe4 5. Nxe4 Be7 6. Bxf6 gxf6 7. Qd3 b6 8.
O-O-O Bb7 9. Nc3 c6 10. f4 f5 $5 (10... Qc7 11. f5 $36) 11. g4 $5 (11. Nf3 Nd7
12. g3 Qc7 13. Bg2 O-O-O $13) 11... fxg4 (11... Qc7 12. gxf5 Qxf4+ 13. Kb1 Qxf5
14. Qxf5 exf5 15. Bh3 $36) 12. f5 Qd6 $5 (12... exf5 13. Qxf5 Qd7 14. Qe5 $44)
13. fxe6 fxe6 (13... Qxe6 14. d5 (14. Bg2 $5) 14... cxd5 15. Bg2 $36) 14. h3 $5
(14. Qe4 Nd7 15. Qxg4 Nf6 16. Qh3 O-O-O $13) 14... Nd7 $5 (14... gxh3 15. Be2
$1 {(/\16.Bh5+|^)}) 15. hxg4 O-O-O {[/\16...h6]} 16. Rxh7 Rxh7 17. Qxh7 Nf6 18.
Qf7 (18. Qh3 Qf4+ 19. Kb1 Rxd4 20. Rxd4 Qxd4 21. g5 Qxg1 22. gxf6 Qf2 $1 23.
Qxe6+ Kb8 24. Be2 Qxf6 $11) 18... Rf8 19. Qg6 Rg8 20. Qf7 Rf8 21. Qg6 Kb8 $5 {
[/\22...Bc8, Rf-g8-g4]} (21... Rg8 $11) 22. Bc4 (22. g5 Ng4 $132) 22... Bc8 23.
Kb1 (23. Nge2 Rg8 24. Qd3 Rxg4 $132) 23... Rg8 (23... Nd5 $5 {(/\24...Ne3)} 24.
Ne4 (24. Nxd5 exd5 25. Qxd6+ Bxd6 26. Be2 Rf2 $15) 24... Qh2 $44) 24. Qd3 Rxg4
25. Nf3 $11 b5 26. Bb3 Rg3 27. Ne2 Rh3 28. Neg1 Rg3 29. Ne2 Rh3 30. Neg1 Rh1
31. a4 (31. Ne5 Bb7 32. Ngf3 Rxd1+ 33. Qxd1 c5 34. c3 $11) 31... bxa4 32. Bxa4
Bb7 33. Ne2 Rxd1+ 34. Qxd1 c5 35. Ne5 Ne4 36. c3 Kc7 (36... cxd4 37. Qxd4 $11)
37. Nf4 Bf6 38. Bb3 Bxe5 39. Nxe6+ $6 (39. dxe5 Nd2+ 40. Kc1 Nxb3+ 41. Qxb3
Qxe5 42. Nxe6+ Kc8 43. Qc4 $11) 39... Kb6 $6 $138 (39... Kd7 $5 40. Qg4 (40.
dxe5 Qxd1+ 41. Bxd1 Kxe6 $19) 40... Nd2+ 41. Kc2 Nxb3 42. Nxc5+ Kc7 43. Nxb7
$11 (43. Nxb3 Bf4 44. Nc5 Bc8 $17)) 40. dxe5 Qxd1+ 41. Bxd1 Nd2+ (41... Nd2+
42. Kc1 Nc4 $11) 1/2-1/2

[Event "Lost Boys op"]
[Site "Antwerp"]
[Date "1999.08.02"]
[Round "4"]
[White "Cuijpers, Frans Andre"]
[Black "Gurevich, Mikhail"]
[Result "0-1"]
[WhiteElo "2450"]
[BlackElo "2643"]
[Annotator "Gurevich,M"]
[PlyCount "106"]
[EventDate "1999.07.30"]
[EventType "swiss"]
[EventRounds "9"]
[EventCountry "BEL"]
[SourceTitle "EXT 2000"]
[Source "ChessBase"]
[SourceDate "1999.11.16"]
[SourceVersion "1"]
[SourceVersionDate "1999.11.16"]
[SourceQuality "1"]

1. e4 e6 2. d4 d5 3. Nc3 Nf6 4. Bg5 dxe4 5. Nxe4 Be7 6. Bxf6 Bxf6 7. Nf3 O-O 8.
Qd2 Nd7 9. O-O-O b6 10. Qf4 Bb7 11. Bc4 Bd5 12. Bxd5 (12. Bd3 {[-74/307]})
12... exd5 13. Ng3 $5 {TN} (13. Nxf6+ Nxf6 14. Rhe1 Ne4 $11 {( -74/(307)})
13... Re8 14. Rhe1 (14. h4 $5) 14... Rxe1 15. Rxe1 g6 16. Qg4 (16. h4 $5 Nf8
17. h5 Ne6 (17... c5 $5) 18. Qg4 $36) 16... Bg7 17. Ne5 Nf6 (17... Nxe5 $5 18.
dxe5 h5 $1 19. Qf3 (19. Qd4) 19... Qd7 $15) 18. Qe2 c5 $5 $132 19. c3 Qc7 20.
Kb1 Rc8 (20... cxd4 21. cxd4 Rc8 22. Qd2 $11 {(/\23.Rc1)}) 21. Qd2 Nd7 22. Nf3
Nf8 {[/\23...Ne6]} (22... b5 $5 {(/\ Nd7-b6-c4|^<<)}) 23. dxc5 $5 Qxc5 24. Nd4
$1 $11 b5 25. Nb3 Qb6 $5 26. Qxd5 b4 27. cxb4 Qxb4 (27... Qxf2 28. Qd2 Qxd2 29.
Nxd2 Rb8 30. a3 a5 31. Nb3 $1 axb4 32. a4 $14) 28. Qd2 Qb6 29. Ne4 Ne6 30. f3
Rd8 31. Qa5 $1 Qb8 32. g3 $14 Rd3 33. f4 Qa8 (33... Qb7 $142) 34. Qb5 Rd8 35.
Qc4 $138 a5 36. Nc3 Rb8 (36... Rc8 37. Qe4) 37. Re2 Rb4 (37... Qh1+ 38. Kc2
Rxb3 39. Kxb3 Nd4+ 40. Ka4 Nxe2 41. Qxe2 $16) 38. Qd5 Qa6 39. Rc2 (39. Nc5 $5
Nxc5 40. Re8+ Bf8 41. Qxc5 Qf1+ 42. Kc2 Qg2+ 43. Kc1 (43. Kd3 Qf1+ 44. Ne2 Qb1+
45. Kd2 (45. Ke3 $4 Re4+) 45... Rxb2+ 46. Ke3 Rxe2+ 47. Kxe2 Qxa2+ 48. Kf3 Qb3+
49. Kg4 Qe6+ 50. Rxe6 Bxc5 51. Ra6 $14) 43... Qf1+ $13 (43... Qxb2+ 44. Kd1
Qa1+ 45. Ke2 Rb2+ 46. Kf3 Qf1+ 47. Kg4 f5+ $13 48. Kg5 h6+ 49. Kxg6 Qa6+ 50.
Kxf5 Qd3+ 51. Kf6 Qa6+ $11)) 39... a4 40. Nc5 Nxc5 41. Qxc5 Qf1+ 42. Rc1 Qd3+
43. Rc2 (43. Ka1 Rc4 $40) 43... Rc4 $6 (43... Qf1+ $11) 44. Qd5 Rd4 (44... Bd4
45. Qe4 $16) 45. Qb5 $1 $14 Qf3 46. a3 h5 47. Qe2 (47. Qe8+ Bf8 48. Re2 $14)
47... Qb7 $2 48. Nxa4 $1 $16 h4 $5 49. Nc5 $2 $138 (49. Nc3 h3 $16) 49... Qd5
50. Na4 Re4 $1 $17 51. Nb6 Qe6 (51... Qb7 $5) 52. Qb5 $2 (52. f5 gxf5 53. Rc8+
Kh7 54. Qh5+ Bh6 $17) 52... Re1+ 53. Rc1 Qe4+ 0-1

[Event "VAM Hoogeveen op"]
[Site "Hoogeveen"]
[Date "1999.10.18"]
[Round "4"]
[White "Van den Doel, Erik"]
[Black "Gurevich, Mikhail"]
[Result "1/2-1/2"]
[WhiteElo "2528"]
[BlackElo "2643"]
[Annotator "Gurevich,M"]
[PlyCount "93"]
[EventDate "1999.10.15"]
[EventType "swiss"]
[EventRounds "9"]
[EventCountry "NED"]
[SourceTitle "EXT 2000"]
[Source "ChessBase"]
[SourceDate "1999.11.16"]
[SourceVersion "1"]
[SourceVersionDate "1999.11.16"]
[SourceQuality "1"]

1. e4 e6 2. d4 d5 3. Nc3 Nf6 4. Bg5 dxe4 5. Nxe4 Be7 6. Bxf6 Bxf6 7. Nf3 O-O 8.
Qd2 Nd7 9. O-O-O b6 10. Bc4 Bb7 11. d5 $5 {TN} b5 $5 12. Bb3 (12. dxe6 $2 bxc4
$17) (12. Bxb5 exd5 13. Nxf6+ Nxf6 14. Rhe1 c5 $132) 12... c5 $5 (12... exd5
13. Bxd5 c6 14. Bb3 c5 15. Bd5 (15. Qxd7 Bxe4 16. Qxb5 Qc7 $44) 15... Rb8 $13)
13. Nd6 (13. dxe6 Bxe4 14. exf7+ Kh8 15. Qxd7 Qxd7 16. Rxd7 Bxf3 17. gxf3 c4
$17) 13... Bxd5 14. Bxd5 exd5 15. Qxd5 Nb6 $5 (15... Rb8 $5) 16. Qe4 $1 {
[/\ 17.Ne5]} (16. Qxc5 $2 Na4 $17) (16. Qc6 $2 Bxb2+ $1 17. Kxb2 Qf6+ 18. Kc1
Nc4 19. Qxb5 Nxd6 $17) (16. Qb3 Qc7 $5 17. Nxb5 (17. Qxb5 Rab8 $132) 17... Qc6
$44) 16... Na4 (16... Qd7 $5) 17. Ne5 Qb6 18. Qd5 (18. Ndxf7 Qe6 $19) 18...
Rad8 19. f4 (19. Nexf7 Bxb2+ 20. Kd2 Qa5+ 21. c3 (21. Ke3 Bd4+ $19) 21... Qxc3+
22. Ke2 Qc4+ $1 $17) 19... c4 20. Kb1 Qc7 (20... Bxe5 21. fxe5 Nc5 22. Rhf1 $14
) 21. Rhe1 (21. Nxb5 Rxd5 22. Nxc7 Rxd1+ 23. Rxd1 Rb8 $132) 21... a6 (21... c3
22. b3 Nb2 23. Rd4 b4 $13) 22. g4 $5 {[/\ 23.g5|^]} Bxe5 23. fxe5 (23. Qxe5 $5
$14 {(/\ 24.Nf5)}) 23... Nc5 (23... Qc5 $5 $11) 24. Rf1 Ne6 25. Rf3 (25. a4
bxa4 $13) 25... Qc5 26. Qxc5 Nxc5 27. b4 $6 (27. b3 $142 cxb3 28. axb3 Rd7 29.
Rc3 (29. b4) 29... Ne6 30. Rc6 Ra8 31. Kb2 $14) 27... Nd7 28. Re3 Nb6 29. g5
Rd7 $11 30. Ra3 $6 (30. e6 fxe6 31. Rxe6 Na4 32. Rde1 $11) 30... Na4 31. Rf3
Re8 $1 $15 32. Rdf1 Rxe5 33. Nxf7 Re8 (33... Red5 34. Kc1 $13 {(/\ 35.Ne5)})
34. Kc1 c3 $5 35. Ne5 Rde7 36. Nd3 Nb6 $5 37. Nf2 Nd5 38. Nd1 Nxb4 $6 $138 (
38... Re1 39. Rxe1 Rxe1 40. a3 (40. Rd3 Nxb4 $19) 40... Rg1 41. h4 (41. Rd3 Nf4
42. Re3 Rxg5 43. Nxc3 Rg2 $17) 41... Rh1 $17) 39. Nxc3 Rc7 40. Kb2 $11 Rd7 41.
Rf4 Nc6 42. a4 bxa4 43. Nxa4 Rd6 44. Nc5 h6 45. gxh6 Rxh6 46. Nxa6 Rxh2 47.
R1f2 1/2-1/2

[Event "Hoogeveen Essent op"]
[Site "Hoogeveen"]
[Date "2006.10.26"]
[Round "7"]
[White "Smeets, Jan"]
[Black "Gurevich, Mikhail"]
[Result "1/2-1/2"]
[WhiteElo "2525"]
[BlackElo "2648"]
[Annotator "Gurevich,M"]
[PlyCount "85"]
[EventDate "2006.10.21"]
[EventType "swiss"]
[EventRounds "9"]
[EventCountry "NED"]
[SourceTitle "CBM 116"]
[Source "ChessBase"]
[SourceDate "2007.02.01"]
[SourceVersion "1"]
[SourceVersionDate "2007.02.01"]
[SourceQuality "1"]

1. e4 e6 2. d4 d5 3. Nc3 Nf6 4. Bg5 dxe4 5. Nxe4 Be7 6. Bxf6 Bxf6 7. Nf3 Nd7 8.
Qd2 O-O 9. O-O-O (9. Bd3 {-94/214}) 9... b6 10. Bc4 (10. Qf4 {-94/(214)}) 10...
Bb7 11. Rhe1 Bd5 12. Bxd5 exd5 13. Nxf6+ (13. Ng3) 13... Nxf6 14. Qf4 c5 $5 {
TN [/\15...Re8<=><<]} (14... Ne4 15. Ne5 f6 16. Nd3 Qd7 17. f3 Nd6 18. Re2 Rae8
19. Rde1 Rxe2 20. Rxe2 Re8 21. Rxe8+ Qxe8 22. b3 a5 23. a4 Qe6 {1/2-1/2 Finkel,
A-Gurevich,M/Belgrade 1999/PowerBook2005}) 15. c4 $5 Rc8 (15... b5 $6 16. dxc5
bxc4 17. Nd4 Qa5 18. Nf5 $40) 16. Kb1 cxd4 17. cxd5 Qxd5 18. Rxd4 Qc6 19. Qd2
Rfe8 20. Rxe8+ Qxe8 $11 21. Qd3 g6 22. a3 Qe7 23. Rd6 Ne4 $5 24. Rd7 Qe6 25.
Rd8+ (25. Rxa7 Nxf2 $36 26. Qd7 Qe4+ 27. Ka2 Qc4+ 28. Ka1 Nd3 29. Qd4 Qb3 $19)
25... Rxd8 26. Qxd8+ Kg7 27. Qd4+ f6 $5 28. Kc2 Qf5 29. Kd1 Nxf2+ $6 (29... g5
30. Ke2 Qe6 $15) 30. Qxf2 Qb1+ 31. Ke2 Qxb2+ 32. Nd2 Qxa3 33. Qd4 $1 $14 Qe7+
34. Ne4 Qe6 35. Kd3 {[/\g2-g4-g5|^]} Qf5 36. g4 Qf3+ 37. Kc4 Qxg4 $1 38. Qxf6+
Kh6 39. Kd4 (39. Qf8+ Kh5 40. Qe7 h6 $11) 39... Qg1+ 40. Kd5 Qxh2 41. Qg5+ Kg7
42. Qe7+ Kh6 43. Qg5+ 1/2-1/2

[Event "ESP-chT Honor Gp2 49th"]
[Site "Sant Lluis"]
[Date "2005.09.02"]
[Round "3"]
[White "Radjabov, Teimour"]
[Black "Gurevich, Mikhail"]
[Result "1/2-1/2"]
[WhiteElo "2682"]
[BlackElo "2669"]
[Annotator "Gurevich,M"]
[PlyCount "61"]
[EventDate "2005.08.31"]
[EventType "team"]
[EventRounds "5"]
[EventCountry "ESP"]
[SourceTitle "CBM 109"]
[Source "ChessBase"]
[SourceDate "2005.11.14"]
[SourceVersion "1"]
[SourceVersionDate "2005.11.14"]
[SourceQuality "1"]

1. e4 e6 2. d4 d5 3. Nc3 Nf6 4. Bg5 dxe4 5. Nxe4 Nbd7 6. Nf3 Be7 7. Nxf6+ Bxf6
8. h4 (8. Bxf6 Nxf6 9. c3 O-O 10. Be2 b6 11. Ne5 Bb7 12. Bf3 Bd5 13. O-O c5 14.
c4 Bxf3 15. Nxf3 Qc7 16. Qe2 cxd4 17. Nxd4 Rfd8 18. Rfd1 {1/2-1/2 Kindermann,
S-Gurevich,M/Germany 2005/Mega2006 (18)}) 8... h6 9. Be3 (9. Bxf6 Nxf6 10. Qd2
b6 (10... Qd5 11. c4 Qd6 12. O-O-O b6 13. Qe3 Bb7 14. Ne5 c5 15. dxc5 Qxc5 16.
Qxc5 bxc5 17. Rh3 $1 Ke7 18. Rhd3 Be4 19. Rg3 Rhg8 20. Ra3 Rgc8 21. f3 Bc6 22.
Rb3 $16 {1-0 Izoria,Z-Gurevich,M/Corsica 2005/Mega2006 (43)}) 11. Bb5+ Bd7 12.
Bc4 c5 13. Ne5 Rc8 14. Ba6 Rc7 15. O-O-O Qe7 16. g4 cxd4 17. g5 $40 {1-0 Leko,
P-Bareev,E/Monte Carlo 2003/PowerBook2005 (34)}) 9... c5 $5 {TN} 10. Qd2 cxd4
11. Nxd4 Nb6 $5 {[/\12...Nd5,13...Bd7]} 12. O-O-O Nd5 13. g4 (13. Nf5 $1 O-O (
13... exf5 14. Bb5+ Kf8 15. Bc4 $5 (15. Qxd5 Qxd5 16. Rxd5 Be6 17. Rd2 $14)
15... Be6 16. Bxd5 $16) 14. Nxh6+ $1 (14. Bc5 exf5 15. Bxf8 Qxf8 16. Qxd5 Be6
17. Qd6 Qe8 $44 {Radjabov}) 14... gxh6 15. Bxh6 Qb6 16. c3 Rd8 17. Rh3 $1 Nb4
$5 (17... Nxc3 18. Rg3+ Kh7 (18... Kh8 19. Bg7+ Bxg7 20. Qxd8+) 19. Bd3+ Kh8
20. bxc3 $18) 18. Qf4 Rxd1+ (18... Nxa2+ 19. Kc2 e5 20. Rxd8+ Qxd8 21. Rg3+ Kh8
22. Qf3 $3 $40 {/\23.Qh5,23.Bd3}) 19. Kxd1 e5 (19... Qd8+ 20. Kc1 e5 21. Rg3+
Kh7 22. Qf3 $1 $40) 20. Rg3+ Kh7 $17 {Radjabov} 21. Qf3 $3 Kxh6 22. Be2 $18 {
Fritz}) (13. c4 Nxe3 14. Qxe3 Qa5 $132) 13... Bd7 14. Bg2 {[/\15.Bxd5]} Nxe3
15. Qxe3 Qb6 {[/\16...0-0-0]} 16. Rd3 (16. g5 hxg5 17. hxg5 Rxh1 18. Bxh1 Bxd4
19. Rxd4 O-O-O 20. Rc4+ $14) 16... Rc8 {[/\17...Rc4<=>[+]]} (16... O-O-O 17.
Rhd1 (17. Bxb7+ $6 Qxb7 (17... Kxb7) 18. Rc3+ Bc6 19. Nxc6 Bxc3 20. Qxc3 Rd6
$15) 17... Bc6 18. Bxc6 bxc6 19. Qe4 Rd5 $13) 17. c3 (17. g5 hxg5 18. hxg5
Rxh1+ 19. Bxh1 Bxd4 20. Rxd4 Bc6 21. Bxc6+ Qxc6 22. c3 $14) 17... Rc4 18. Rhd1
Bxd4 $5 (18... O-O 19. g5 $40) 19. Rxd4 Rxd4 20. Rxd4 (20. Qxd4 Qxd4 21. Rxd4
b6 {(/\22...Ke7)} 22. Rc4 Kd8 $11) 20... Bc6 21. Rc4 (21. Bxc6+ Qxc6 22. g5 h5
$5 (22... hxg5 23. Qxg5 $40) 23. g6 O-O 24. gxf7+ Rxf7 25. Rd8+ Kh7 $132) 21...
Qxe3+ 22. fxe3 Kd7 $8 $11 23. Bxc6+ bxc6 24. Ra4 Ra8 25. e4 e5 26. Kd2 Kc7 {
[/\27...Kb6,28...Rd8<=>]} 27. Ke2 Kb6 28. Rb4+ Kc7 29. Ra4 Kb6 30. Rb4+ Kc7 31.
Ra4 1/2-1/2

[Event "Belfort Masters 6th"]
[Site "Belfort"]
[Date "2003.12.17"]
[Round "3"]
[White "Fressinet, Laurent"]
[Black "Gurevich, Mikhail"]
[Result "1/2-1/2"]
[WhiteElo "2654"]
[BlackElo "2656"]
[Annotator "Gurevich,M"]
[PlyCount "35"]
[EventDate "2003.12.15"]
[EventType "tourn"]
[EventRounds "10"]
[EventCountry "FRA"]
[EventCategory "15"]
[SourceTitle "CBM 099"]
[Source "ChessBase"]
[SourceDate "2004.03.30"]
[SourceVersion "1"]
[SourceVersionDate "2004.03.30"]
[SourceQuality "1"]

1. e4 e6 2. d4 d5 3. Nc3 Nf6 4. Bg5 dxe4 5. Nxe4 Be7 6. Bxf6 Bxf6 7. Nf3 Nd7 8.
Qd2 O-O 9. O-O-O b6 10. Bd3 Bb7 11. Qe2 Qe7 $1 {TN [/\12...c5<=><<;} (11... Be7
12. h4 Nf6 13. Neg5 Bxf3 14. Nxf3 Qd6 15. Ne5 c5 16. dxc5 (16. g4 $5 cxd4 17.
g5 $36) 16... Qxc5 17. Kb1 Rad8 18. Bc4 Nd5 19. Bxd5 exd5 $13 {1-0 Sakaev,
K-Kacheishvili,G/Ubeda 2001/CBM 80 ext (49)}) 12. h4 (12. g4 c5 13. g5 Bxd4 14.
Bb5 (14. c3 Be5 15. Bb5 Bf4+) 14... a6 $5 15. Bxd7 Qxd7 16. c3 Qc7 (16... Qd5
$5) 17. cxd4 Qf4+ 18. Ned2 cxd4 $44) (12. Ba6 $5 Bxa6 13. Qxa6 c5 14. Qb7 Rfd8
15. d5 $36) 12... c5 13. Neg5 g6 $5 (13... h6 14. Bh7+ Kh8 15. Be4 Bd5 (15...
Bxe4 16. Qxe4 g6 17. Qe3 $36) 16. c4 $5 (16. Bxd5 exd5 17. Qd3 g6 18. Rhe1 Qd6
19. Nh3 Rae8 $132) 16... cxd4 $6 17. cxd5 exd5 18. Bd3 $16) 14. Be4 Bxe4 15.
Nxe4 Bg7 $5 16. h5 (16. d5 $5 exd5 17. Rxd5 Rfe8 (17... Nf6 18. Re5 Qc7 19.
Nxf6+ Bxf6 20. Re4 $14) 18. Re1 $13) 16... cxd4 17. hxg6 hxg6 18. Nxd4 (18.
Nxd4 Rac8 19. c3 Rfd8 $132) 1/2-1/2

[Event "Interzonal-15"]
[Site "Manila"]
[Date "1990.??.??"]
[Round "7"]
[White "Sax, Gyula"]
[Black "Gurevich, Mikhail"]
[Result "1/2-1/2"]
[WhiteElo "2600"]
[BlackElo "2640"]
[Annotator "Gurevich,M"]
[PlyCount "141"]
[EventDate "1990.06.29"]
[EventType "swiss"]
[EventRounds "13"]
[EventCountry "PHI"]
[SourceTitle "CBM 019"]
[Source "ChessBase"]
[SourceDate "1990.12.01"]
[SourceVersion "1"]
[SourceVersionDate "1990.12.01"]
[SourceQuality "1"]

1. e4 e6 2. d4 d5 3. Nc3 Nf6 4. Bg5 dxe4 5. Nxe4 Be7 6. Bxf6 Bxf6 7. Nf3 O-O 8.
Qd2 b6 9. Nxf6+ Qxf6 10. Bd3 Bb7 11. Ng5 g6 $5 12. O-O-O Nc6 $5 (12... Qxd4 $2
13. Nxh7 Rd8 14. Qg5 $1 $16 {->}) 13. h4 $1 {/\ h5->>>} (13. c3 e5 $1 14. d5
Ne7 15. c4 c6 $5 $132 {[+]}) 13... Nxd4 14. h5 Bxg2 $5 15. Nxh7 $1 (15. Rh2 $2
Nf3 $17) (15. hxg6 fxg6 $1 16. Nxh7 Qxf2 17. Nxf8 Qxd2+ 18. Kxd2 Bxh1 $15)
15... Kxh7 $8 16. hxg6+ Kg8 17. Rh6 $1 (17. Rdg1 $2 Bxh1 18. Qh6 Qh8 $1 $17)
17... Nf3 $8 18. gxf7+ Rxf7 (18... Qxf7 $2 19. Qe3 Qf4 20. Rg6+ {/\ Rg2+-}) 19.
Rxf6 Nxd2 20. Rg6+ Rg7 $2 (20... Kf8 21. Rxg2 Nf3 22. Bg6 $1 Rf6 $1 $14 {_|_} (
22... Rg7 23. Be4 $3 Rxg2 24. Bxf3 $18)) 21. Rxg7+ Kxg7 22. Rg1 $1 $16 Nf3 $8
23. Rxg2+ Kh8 $8 24. Rg6 $1 {/\ Rh6-h7} Re8 25. Rh6+ Kg7 $5 (25... Kg8 26. Rh7
Rc8 27. Re7 {/\ Ba6+-}) 26. Rh7+ Kf6 27. Rxc7 Re7 $1 $8 28. Rxe7 Kxe7 29. b4 $6
(29. Kd1 {/\ Ke2-e3[+]}) 29... Kd6 30. Kb2 $6 Ng5 31. c4 Nh3 (31... e5 $5 32.
Kc3 e4 33. Bf1 $8 Ke5) 32. f3 Ng5 33. Be4 (33. Be2 e5 34. Kc3 e4 35. f4 Ne6 36.
f5 Nf4 $10) 33... e5 (33... Nxe4 $2 34. fxe4 Ke5 35. c5 $18) 34. Bd5 Nh7 35.
Kb3 Nf6 36. Be4 Ne8 37. Ka4 Nc7 38. Bf5 Ne8 39. Kb3 Nc7 40. Kc3 Ne8 41. Kb3 Nc7
42. a4 $6 $14 (42. a3 $5 {/\ Kc3-d3-e3-f2-g3+/-}) 42... Ne8 43. Be4 Nc7 44. c5+
$5 bxc5 45. b5 Ne6 46. Kc4 Nc7 47. a5 Ne6 48. Ba8 Nc7 49. Bb7 Ne6 50. Be4 Nd4
$1 $8 (50... Nc7 51. a6 $1 Ne6 52. b6 axb6 53. Kb5 $18) 51. a6 (51. b6 axb6 52.
axb6 Nc6 $1 {/\ Nb8=} 53. Bxc6 Kxc6 54. b7 Kxb7 55. Kxc5 e4 $1 56. fxe4 Kc7 $10
) 51... Kc7 $1 $8 52. Kxc5 Ne6+ 53. Kd5 Nd4 54. Kc5 Ne6+ 55. Kd5 Nd4 56. Kxe5
Nxb5 57. f4 Nd6 58. Bd5 (58. f5 Nxf5 $1 59. Bxf5 Kb8 $10) 58... Kd7 59. Be6+
Kc7 60. Kd5 Ne8 $10 61. Ke5 Nd6 62. Kd5 Ne8 63. f5 Nf6+ 64. Ke5 Ng4+ 65. Kf4
Nf6 {/\ Kd6} 66. Kg5 Ne4+ 67. Kg6 Kd6 68. Bc8 Ke7 69. Bb7 Nf6 70. Kg5 Nh7+ 71.
Kg6 1/2-1/2